| 000 | 00508 a2200121 4500 | ||
|---|---|---|---|
| 001 | ART_41539 | ||
| 005 | 20260410162023.0 | ||
| 008 | 260409a | ||
| 245 | 1 | 0 | _aLas causales de extinción del contrato entre el futbolista profesional y el club en la legislación argentina y su relación con las contempladas en la reglamentación de la FIFA |
| 100 | 1 | _aGaleano, Eduardo V. | |
| 700 | 1 | _aLozano, Gabriel César | |
| 773 | 0 |
_tAnuario de derecho del fútbol _g- Nº 1 (dic. 2008) _wREV41517 |
|
| 999 |
_c33299 _d33299 |
||